Better policies for rural development

Αποθηκεύτηκε σε:
Λεπτομέρειες βιβλιογραφικής εγγραφής
Συγγραφή απο Οργανισμό/Αρχή: Organisation for Economic Co-operation and Development
Μορφή: Βιβλίο
Γλώσσα:English
Δημοσίευση: Paris : Organisation for Economic Co-operation and Development, c1996
Σειρά:OECD documents
Θέματα:
Ετικέτες: Προσθήκη ετικέτας
Δεν υπάρχουν, Καταχωρήστε ετικέτα πρώτοι!

MARC

LEADER 00000cam a2200000 i 4500
001 1/6977
008 960718s1996 i eng d
020 |a 92-64-14796-9 
035 |l 10016543 
040 |a GR-MY-UA  |b gre  |e aacr 
041 0 |a eng 
082 0 |a 307.1412 
245 1 0 |a Better policies for rural development /  |c Organisation for Economic Co-Operation and Development 
260 |a Paris :   |b Organisation for Economic Co-operation and Development,   |c c1996 
300 |a 121 p.;  |c 23 cm 
490 1 |a OECD documents 
500 |a Papers given at a meeting of the Group of the Council on Rural Development held at OECD in Paris on April 10-11, 1995 
650 0 0 |a Rural development  |x Congresses. 
650 0 0 |a Rural development  |x Government policy  |x Congresses. 
650 0 0 |a Rural industries  |x Congresses. 
710 2 |a Organisation for Economic Co-operation and Development. 
830 0 |a OECD documents 
852 |a INST  |b LESVOS  |e 19960718  |h 307.1412 BET  |p 005100009493  |q 005100009493  |t BK  |y 0 
909 |a Λ  |b 046576